गाँधी और तिलक धर्म एवं राष्ट्रवाद (Record no. 3367)

MARC details
000 -LEADER
fixed length control field 01229 a2200241 4500
005 - DATE AND TIME OF LATEST TRANSACTION
control field 20080911125030.0
008 - FIXED-LENGTH DATA ELEMENTS--GENERAL INFORMATION
fixed length control field 080911t xxu||||| |||| 00| 0 hin d
010 ## - LIBRARY OF CONGRESS CONTROL NUMBER
LC control number HIN-79672
020 ## - INTERNATIONAL STANDARD BOOK NUMBER
Terms of availability 400.00
International Standard Book Number 8187445114
035 ## - SYSTEM CONTROL NUMBER
System control number HN-52018
037 ## - SOURCE OF ACQUISITION
Source of stock number/acquisition D.B.Act / pub
082 ## - DEWEY DECIMAL CLASSIFICATION NUMBER
Classification number 320.55
100 ## - MAIN ENTRY--PERSONAL NAME
Personal name सुथार, हुकमाराम
245 ## - TITLE STATEMENT
Title गाँधी और तिलक धर्म एवं राष्ट्रवाद
Statement of responsibility, etc हुकमाराम सुथार
246 ## - VARYING FORM OF TITLE
Title proper/short title Gandhi aur Tilak dharam avam rastravad
Remainder of title by Hukamaram Suthar
260 ## - PUBLICATION, DISTRIBUTION, ETC. (IMPRINT)
Place of publication, distribution, etc जयपुर
Name of publisher, distributor, etc रितु पब्लिकेशन्स
Date of publication, distribution, etc 2005
270 ## - ADDRESS
Address 28, सीतारामपुरी, आमेर रोड
City जयपुर
Postal code 302002
Telephone number 2633319
300 ## - PHYSICAL DESCRIPTION
Extent 191पृ
Dimensions 22 सेमी (सजिल्द)
500 ## - GENERAL NOTE
General note includes bibligraphical references
520 ## - SUMMARY, ETC.
Summary, etc The book describes comparative study between Gandhi and Tilak
942 ## - ADDED ENTRY ELEMENTS (KOHA)
Institution code [OBSOLETE] dpl
Koha item type Hindi Books
Call number prefix 320.55 / सुथार
Source of classification or shelving scheme Dewey Decimal Classification
Classification part 320.55
Call number suffix सुथार
Holdings
Withdrawn status Lost status Damaged status Not for loan Home library Current library Date acquired Cost, normal purchase price Total Checkouts Full call number Barcode Date last seen Copy number Uniform Resource Identifier Cost, replacement price Price effective from Koha item type
        D.B.Act.Division D.B.Act.Division 11/09/2008 400.00   320.55 सुथार HN-52018 15/09/2008 1 3587 400.00 15/09/2008 Hindi Books

© Delhi Public Library
Hit Counter
free hit counter